High tide at Gettysburg : (Запис № 506589)
[ простий вигляд ]
| 000 -LEADER | |
|---|---|
| fixed length control field | 01402nam a2200325M 4500 |
| 001 - CONTROL NUMBER | |
| control field | hightideatgettys00tuck |
| 003 - CONTROL NUMBER IDENTIFIER | |
| control field | CaSfIA |
| 005 - DATE AND TIME OF LATEST TRANSACTION | |
| control field | 20210118100151.0 |
| 007 - PHYSICAL DESCRIPTION FIXED FIELD--GENERAL INFORMATION | |
| fixed length control field | cr|||| |
| 008 - FIXED-LENGTH DATA ELEMENTS--GENERAL INFORMATION | |
| fixed length control field | 970307r19931958nyub g b 001 0 eng d |
| 040 ## - CATALOGING SOURCE | |
| Original cataloging agency | S@P |
| Transcribing agency | S@P |
| Modifying agency | CaSfIA |
| 020 ## - INTERNATIONAL STANDARD BOOK NUMBER | |
| International Standard Book Number | 0914427822 |
| 020 ## - INTERNATIONAL STANDARD BOOK NUMBER | |
| International Standard Book Number | 9780914427827 |
| 035 ## - SYSTEM CONTROL NUMBER | |
| System control number | (OCoLC)429615849 |
| 043 ## - GEOGRAPHIC AREA CODE | |
| Geographic area code | n-us-pa |
| 082 ## - DEWEY DECIMAL CLASSIFICATION NUMBER | |
| Classification number | 973.7/349 |
| 100 1# - MAIN ENTRY--PERSONAL NAME | |
| Personal name | Tucker, Glenn. |
| 245 10 - TITLE STATEMENT | |
| Title | High tide at Gettysburg : |
| Medium | [electronic resource] |
| Remainder of title | the campaign in Pennsylvania / |
| Statement of responsibility, etc | by Glenn Tucker. |
| 260 ## - PUBLICATION, DISTRIBUTION, ETC. (IMPRINT) | |
| Place of publication, distribution, etc | New York : |
| Name of publisher, distributor, etc | Konecky & Konecky, |
| Date of publication, distribution, etc | [1993] |
| 300 ## - PHYSICAL DESCRIPTION | |
| Extent | viii, 462 p. : |
| Other physical details | maps. ; |
| Dimensions | 25 cm. |
| 500 ## - GENERAL NOTE | |
| General note | Reprint. Originally published: Indianapolis: Bobbs-Merrill, 1958. |
| 500 ## - GENERAL NOTE | |
| General note | Includes index. |
| 504 ## - BIBLIOGRAPHY, ETC. NOTE | |
| Bibliography, etc | Bibliography: p. 434-445. |
| 506 ## - RESTRICTIONS ON ACCESS NOTE | |
| Standardized terminology for access restriction | Необхідна авторизація на https://archive.org/ (створення облікового запису безкоштовно) |
| 506 ## - RESTRICTIONS ON ACCESS NOTE | |
| Standardized terminology for access restriction | Необхідна авторизація на https://openlibrary.org/ (створення облікового запису безкоштовно) |
| 650 #0 - SUBJECT ADDED ENTRY--TOPICAL TERM | |
| Topical term or geographic name as entry element | Gettysburg Campaign, 1863. |
| 856 41 - ELECTRONIC LOCATION AND ACCESS | |
| Uniform Resource Identifier | <a href="http://www.archive.org/details/hightideatgettys00tuck">http://www.archive.org/details/hightideatgettys00tuck</a> |
| Public note | Free eBook from the Internet Archive |
| 856 42 - ELECTRONIC LOCATION AND ACCESS | |
| Uniform Resource Identifier | <a href="http://www.openlibrary.org/books/OL24380946M">http://www.openlibrary.org/books/OL24380946M</a> |
| Public note | Additional information and access via Open Library |
| 942 ## - ADDED ENTRY ELEMENTS (KOHA) | |
| Koha item type | ЕКнига |
Немає доступних примірників.